书目信息 |
| 题名: |
土建工程概论与实训指导
|
|
| 作者: | 徐占发 , 佟令玫 主编 | |
| 分册: | ||
| 出版信息: | 北京 人民交通出版社 2007.05 |
|
| 页数: | 491页 | |
| 开本: | 26cm | |
| 丛书名: | ||
| 单 册: | ||
| 中图分类: | TU5 | |
| 科图分类: | ||
| 主题词: | 土木工程--tu mu gong cheng--概论 | |
| 电子资源: | ||
| ISBN: | 978-7-114-06379-4 | |
| 000 | 00970nam0 2200253 450 | |
| 001 | 012008216013 | |
| 005 | 20080107143114.11 | |
| 010 | @a978-7-114-06379-4@dCNY48.00 | |
| 100 | @a20080107d2007 em y0chiy0120 ea | |
| 101 | 0 | @achi |
| 102 | @aCN@b110000 | |
| 105 | @aa a 000yy | |
| 106 | @ar | |
| 200 | 1 | @a土建工程概论与实训指导@Atu jian gong cheng gai lun yu shi xun zhi dao@f徐占发, 佟令玫主编@Fxu zhan fa,tong ling mei zhu bian |
| 210 | @a北京@c人民交通出版社@d2007.05 | |
| 215 | @a491页@c图@d26cm | |
| 320 | @a有书目 (第491页)。 | |
| 330 | @a本书包括建筑制图与投影原理、建筑与装修工程材料、建筑构造、民用建筑设计与建筑施工图识读、建筑结构设计与结构施工图识读、建筑环境设备工程与施工图识读、土木建筑工程施工、土建工程专业实训指导等内容。 | |
| 606 | 0 | @a土木工程@Atu mu gong cheng@x概论 |
| 690 | @aTU5@v4 | |
| 701 | 0 | @a徐占发@Axu zhan fa@4主编 |
| 701 | 0 | @a佟令玫@Atong ling mei@4主编 |
| 801 | 0 | @aCN@bQSSK@c20080107 |
| 905 | @b275822-24@dTU5@eX841@f3 | |
| 土建工程概论与实训指导/徐占发, 佟令玫主编.-北京:人民交通出版社,2007.05 |
| 491页:图;26cm |
| ISBN 978-7-114-06379-4:CNY48.00 |
| 本书包括建筑制图与投影原理、建筑与装修工程材料、建筑构造、民用建筑设计与建筑施工图识读、建筑结构设计与结构施工图识读、建筑环境设备工程与施工图识读、土木建筑工程施工、土建工程专业实训指导等内容。 |
| ● |
| 相关链接 |
|
|
|
正题名:土建工程概论与实训指导
索取号:TU5/X841
 
预约/预借
| 序号 | 登录号 | 条形码 | 馆藏地/架位号 | 状态 | 备注 |
| 1 | 275822 | 202758220 | 建筑库201/ [索取号:TU5/X841] | 在馆 | |
| 2 | 275823 | 202758239 | 建筑库201/201建筑库 2排4列5层/ [索取号:TU5/X841] | 在馆 | |
| 3 | 275824 | 202758248 | 建筑库201/201建筑库 2排4列5层/ [索取号:TU5/X841] | 在馆 |